Funeral- Phoebe Bridgers Lyrics - Statistics

General Stats
  • This quiz has been taken 253 times
  • The average score is 182 of 197
Answer Stats
Answer % Correct
a
100%
at
100%
funeral
100%
I
100%
I'm
100%
me
100%
so
100%
than
100%
then
100%
to
100%
all
99%
for
99%
kid
99%
older
99%
singing
99%
the
99%
year
99%
always
98%
and
98%
And
98%
blue
98%
have
98%
time
98%
tomorrow
98%
will
98%
Christ
97%
feel
97%
Jesus
97%
just
97%
sad
97%
dad
96%
how
96%
it
96%
talk
96%
that
96%
his
95%
makes
95%
my
95%
that's
95%
when
95%
dream
94%
think
94%
about
93%
can't
93%
in
93%
much
93%
talking
93%
too
93%
we
93%
what
93%
friend
92%
I've
92%
this
92%
where
92%
might
91%
under
91%
are
90%
been
90%
dead
90%
don't
90%
friends
90%
from
90%
is
90%
kill
90%
myself
90%
ourselves
90%
shore
90%
until
90%
water
90%
call
89%
someone
89%
breathe
88%
laugh
88%
means
88%
disappears
87%
anymore
86%
need
86%
tell
86%
you
86%
believe
85%
but
85%
stuff
85%
tears
85%
bored
84%
waving
83%
feeling
82%
bed
81%
someone's
81%
screaming
80%
sorry
78%
up
78%
childhood
77%
out
77%
was
77%
woke
77%
else
76%
while
76%
car
75%
wishing
72%
last
70%
night
70%
blacked
68%
remembered
68%
AM
62%
again
60%
it's
60%
4
57%
nothing
57%
doing
52%
No matching quizzes found
Score Distribution
Percent of People with Each Score
Percentile by Number Answered
Your Score History
You have not taken this quiz